000 00694nam a2200205Ii 4500
003 JO-AjNU
008 230605s9999||||xx |||||||||||||| ||und||
017 _a2005/6/1295
040 _aJO-AjNU
_bara
_erda
_cJO-AjNU
041 _aara
050 1 4 _aLB3051.U83 2005
100 3 _aعثمان،محمد,
_eauthor
_97358
245 0 0 _aأساليب التقويم التربوي
264 3 1 _aعمان:دار أسامة،2005
300 _a192ص
336 _atext
_btxt
_2rdacontent
337 _aunmediated
_bn
_2rdamedia
338 _avolume
_bnc
_2rdacarrier
650 4 _aالتربية-أساليب التدريس. التدريس-الإختبارات والقياسات التربوية
_97359
999 _aA239
_c3807
_d3807